| 000 | 00319 a2200133 4500 | ||
|---|---|---|---|
| 999 |
_c324340 _d324340 |
||
| 001 | 89267 | ||
| 003 | NUST | ||
| 082 | _a891.4392 ISH | ||
| 100 |
_aIshfaq Ahmad _9348 |
||
| 245 | _aMann Chaley Ka Soda | ||
| 260 |
_aLahore _bSang-e-meel Publications _c2013 |
||
| 300 | _a320p. | ||
| 500 | _aGeneral Books | ||
| 942 |
_cBK _aCAE NUST _k891.4392 ISH _2ddc |
||